[Event "2nd Brno Open"]
[Site "Brno CZE"]
[Date "2011.11.15"]
[Round "4"]
[White "Perdek,M"]
[Black "Bradac,R"]
[Result "1/2-1/2"]
[WhiteElo "2233"]
[BlackElo "2032"]

1.Nf3 c5 2.c4 g6 3.Nc3 Nf6 4.d4 cxd4 5.Nxd4 Nc6 6.g3 Bg7 7.Bg2 Nxd4 8.Qxd4 O-O
9.O-O d6 10.Qd3 Nd7 11.b3 Rb8 12.Bd2 Nc5 13.Qc2 Bf5 14.e4 Be6 15.Rac1 a5
16.Rfd1 Bg4 17.f3 Bd4+ 18.Kh1 Bd7 19.Bh6 Bg7 20.Be3 b6 21.Nd5 Bc6 22.Qd2 Bxd5
23.exd5 Qd7 24.Re1 Rfe8 25.Rcd1 Qf5 26.Re2 Be5 27.Rde1 Qd3 28.Rd1 Qxd2 29.Bxd2 Kg7
30.f4 Bf6 31.Bf3 h5 32.Be1 Rh8 33.h4 Rb7 34.Kg2 Rbb8 35.Bf2 Rb7 36.Rb1 Rhb8
37.Rd2 Kf8 38.Be3 Kg7 39.Bf2 Kf8  1/2-1/2

[Event "21st World Seniors"]
[Site "Rijeka CRO"]
[Date "2011.11.16"]
[Round "2.5"]
[White "Golcman,E"]
[Black "Hulak,K"]
[Result "0-1"]
[WhiteElo "2250"]
[BlackElo "2480"]

1.c4 c5 2.Nc3 Nf6 3.Nf3 e6 4.g3 b6 5.Bg2 Bb7 6.O-O Be7 7.d4 cxd4 8.Nxd4 Bxg2
9.Kxg2 Qc8 10.Qd3 Nc6 11.b3 a6 12.Bb2 b5 13.cxb5 Nxd4 14.Qxd4 axb5 15.f3 b4
16.Ne4 d5 17.Rfc1 Qa6 18.Nxf6+ Bxf6 19.Qd2 Bxb2 20.Qxb2 O-O 21.Rc2 Qb6 22.a4 bxa3
23.Rxa3 Rab8 24.Rc3 Rfd8 25.Qc1 d4 26.Rc7 Qb5 27.Qf4 Qxe2+ 28.Kh3 Rf8 29.Raa7 Qf1+
30.Kh4 Rb5 31.Qg4 Rf5 32.f4 h5 33.Qg6 Qg2 34.Qxf5 exf5 35.h3 d3 36.Rd7 d2
37.Rac7 g5+  0-1

[Event "21st World Seniors"]
[Site "Rijeka CRO"]
[Date "2011.11.17"]
[Round "3.6"]
[White "Suba,M"]
[Black "Chernov,Evgen"]
[Result "0-1"]
[WhiteElo "2458"]
[BlackElo "2311"]

1.c4 e6 2.Nc3 c5 3.Nf3 Nf6 4.g3 b6 5.Bg2 Bb7 6.O-O d6 7.d4 cxd4 8.Qxd4 a6
9.Rd1 Be7 10.Be3 Nbd7 11.Nd2 Bxg2 12.Kxg2 O-O 13.Nde4 Ne8 14.f3 f5 15.Nf2 Bf6
16.Qd2 Rc8 17.Bf4 Rxc4 18.Nd5 Rc5 19.Nxf6+ Ndxf6 20.b4 Rc6 21.Rac1 Rxc1 22.Qxc1 Nd5
23.Bd2 Qd7 24.Qc4 Qa4 25.Rc1 Ndc7 26.Bf4 Rf7 27.Nd3 e5 28.Bd2 d5 29.Qc2 Qxc2
30.Rxc2 Re7 31.Rc6 e4 32.Nf4 g5 33.Nh5 Re6 34.Rc1 h6 35.e3 Kf7 36.h3 d4 37.exd4 e3
38.Be1 Kg6 39.g4 f4 40.a4 Rd6 41.Rc4 b5 42.axb5 axb5 43.Rc5 Rxd4 44.Re5 Kf7
45.Rc5 Rc4 46.Rf5+ Ke7 47.h4 Rc1 48.hxg5 hxg5 49.Kf1 Ne6 50.Rd5 N8c7 51.Rd3 Rb1
52.Ke2 Na6 53.Bc3 Nxb4 54.Rd1 Rxd1  0-1

[Event "Haije Kramer Vierkamp"]
[Site "Leeuwarden NED"]
[Date "2011.11.18"]
[Round "1"]
[White "Ernst,S"]
[Black "Brandenburg,D"]
[Result "1-0"]
[WhiteElo "2593"]
[BlackElo "2519"]

1.Nf3 Nf6 2.c4 c5 3.Nc3 e6 4.d4 cxd4 5.Nxd4 Bb4 6.g3 O-O 7.Bg2 d5 8.cxd5 Nxd5
9.Bd2 Nb6 10.Nc2 Be7 11.O-O Nc6 12.Be3 Nc4 13.Bc1 Bf6 14.Rb1 Qxd1 15.Rxd1 Rd8
16.Rxd8+ Nxd8 17.Ne4 Be7 18.b3 Nb6 19.Ba3 Bxa3 20.Nxa3 Bd7 21.Nc5 Rb8 22.Nxd7 Nxd7
23.Rc1 Nb6 24.Nb5 Kf8 25.f4 Rc8 26.Rd1 a6 27.Nd6 Rc7 28.e4 Ke7 29.e5 f6 30.exf6+ gxf6
31.Ne4 Nd5 32.Kf2 Nc3 33.Rd2 Nxe4+ 34.Bxe4 f5 35.Rc2 Rxc2+ 36.Bxc2 Kf6 37.g4 h6
38.gxf5 exf5 39.Ke3 Nc6 40.Bd1 Nb4 41.a4 b5 42.Kd4 bxa4 43.bxa4 Ke6 44.Kc5 Nd3+
45.Kb6 Nxf4 46.Kxa6 Kd6 47.a5 Nd5 48.Bf3 Nc7+ 49.Kb6 f4 50.Bc6 h5 51.h4 Na6
52.Bf3 Nc5 53.Bxh5 Nd7+ 54.Kb7 Nc5+ 55.Kc8 Kc6 56.Be8+ Kd6 57.h5 Ke7 58.Bb5 f3
59.h6 Kf7 60.Kc7 f2 61.Kb6 Nd7+ 62.Kc6 Ne5+ 63.Kc7  1-0

[Event "21st World Seniors"]
[Site "Rijeka CRO"]
[Date "2011.11.19"]
[Round "5.5"]
[White "Hulak,K"]
[Black "Rajkovic,Du"]
[Result "1-0"]
[WhiteElo "2480"]
[BlackElo "2416"]

1.Nf3 c5 2.c4 Nf6 3.Nc3 b6 4.d4 cxd4 5.Nxd4 Bb7 6.f3 d6 7.e4 e6 8.Be3 Be7
9.Qd2 a6 10.Be2 O-O 11.O-O Qc7 12.Rfc1 Nbd7 13.b4 Rac8 14.Rab1 Qb8 15.Kh1 Bd8
16.Rc2 Re8 17.Nb3 Bc7 18.Bg1 h5 19.a4 d5 20.exd5 Bf4 21.Qd1 exd5 22.c5 h4
23.Bd3 Qe5 24.Ne2 Be3 25.Bxe3 Qxe3 26.Bf5 g6 27.Bh3 bxc5 28.bxc5 Bc6 29.Ned4 Bxa4
30.c6 Ne5 31.Bxc8 Rxc8 32.Qc1 Qxc1+ 33.Rcxc1 Nc4 34.Ra1 Bxb3 35.Nxb3 Rxc6
36.Na5 Rc7 37.Nxc4 dxc4 38.Rxa6 Kg7 39.Kg1 c3 40.Rd6 Rc5 41.Rd4 g5 42.f4 g4
43.Kf2 Nd5 44.Ke2 Kf6 45.Kd3 Ke6 46.Ra4 Rc6 47.g3 hxg3 48.hxg3 f5 49.Kd4 Rd6
50.Re1+ Kf7 51.Kc5 Rd8 52.Rd4 c2 53.Rxd5 Rc8+ 54.Kd4 c1=Q 55.Rxf5+ Kg6 56.Rxc1 Rxc1
57.Rg5+ Kf6 58.Rxg4 Re1 59.Rg5 Re2 60.g4 Rg2 61.Ke3 Rg3+ 62.Kf2  1-0

[Event "Malta Open"]
[Site "Bugibba MLT"]
[Date "2011.11.20"]
[Round "1.18"]
[White "Assmus,S"]
[Black "Krantz,C"]
[Result "0-1"]
[WhiteElo "1840"]
[BlackElo "2250"]

1.c4 c5 2.Nf3 Nf6 3.Nc3 d5 4.cxd5 Nxd5 5.g3 Nc6 6.Bg2 Nc7 7.d3 e5 8.Qb3 Be7
9.O-O O-O 10.Be3 Rb8 11.Nd2 Be6 12.Qa4 Nd5 13.Rac1 Nxe3 14.fxe3 Bg5 15.Nd1 Qb6
16.Nc4 Qc7 17.Bxc6 bxc6 18.b3 Bh3 19.Rf2 f5 20.Qa5 Qe7 21.Qc3 f4 22.Nxe5 fxe3
23.Qc4+ Be6 24.Rxf8+ Rxf8 25.Qxc5 Qxc5 26.Rxc5 Bh3 27.Nf3 Rxf3 28.exf3 e2  0-1

[Event "TCh-ESP CECLUB Div Honor 2011"]
[Site "Melilla ESP"]
[Date "2011.11.23"]
[Round "4"]
[White "Krasenkow,M"]
[Black "Jobava,Ba"]
[Result "1/2-1/2"]
[WhiteElo "2608"]
[BlackElo "2678"]

1.Nf3 Nf6 2.c4 e6 3.Nc3 c5 4.g3 b6 5.Bg2 Bb7 6.O-O Be7 7.Re1 d5 8.cxd5 Nxd5
9.d4 cxd4 10.Qa4+ Nd7 11.Nxd5 Bxd5 12.Nxd4 Bxg2 13.Kxg2 Qc8 14.Be3 O-O 15.Rac1 Nc5
16.Qc6 Bf6 17.b4 Bxd4 18.Qxc8 Rfxc8 19.Bxd4 Na6 20.a3 f6 21.Red1 Kf7 22.b5 Nc7
23.a4 Nd5 24.e4 Nb4 25.Bb2 Ke8 26.Rc3 Rxc3 27.Bxc3 Na2 28.Be1 Rc8 29.a5 Rc1
30.Rxc1 Nxc1 31.axb6 axb6 32.Kf3 Nd3 33.Bc3 e5 34.Ke3  1/2-1/2

[Event "25th Belgrade Trophy"]
[Site "Obrenovac SRB"]
[Date "2011.11.24"]
[Round "1.14"]
[White "Drenchev,P"]
[Black "Kisic,B"]
[Result "1-0"]
[WhiteElo "2499"]
[BlackElo "2008"]

1.Nf3 Nf6 2.c4 g6 3.Nc3 c5 4.d4 cxd4 5.Nxd4 Bg7 6.e4 d6 7.Be2 O-O 8.O-O Nbd7
9.Be3 a6 10.Rc1 Nc5 11.f3 e5 12.Nc2 Ne6 13.Rf2 Ne8 14.Bf1 f5 15.Rd2 f4 16.Bf2 Qg5
17.Nd5 Rf7 18.Nb6 Rb8 19.b4 Bf8 20.c5 dxc5 21.bxc5 h5 22.Ne1 N8g7 23.Rd5 Ne8
24.Nd3 Bg7 25.h4 Qf6 26.Nxe5 Re7 27.Nbd7  1-0

[Event "21st World Seniors Women"]
[Site "Rijeka CRO"]
[Date "2011.11.24"]
[Round "9.5"]
[White "Fatalibekova,E"]
[Black "Kabanova,I"]
[Result "1-0"]
[WhiteElo "2285"]
[BlackElo "1959"]

1.Nf3 Nf6 2.c4 e6 3.Nc3 c5 4.d4 cxd4 5.Nxd4 a6 6.e3 Qc7 7.Be2 Nc6 8.O-O Be7
9.b3 O-O 10.Bb2 d6 11.Rc1 Qd8 12.Qd2 e5 13.Nc2 Re8 14.Rfd1 Be6 15.Bf3 Rb8
16.Nd5 Bxd5 17.cxd5 Na7 18.a4 Qd7 19.e4 Rec8 20.Qe3 Ra8 21.Na3 Rxc1 22.Rxc1 h6
23.Nc4 Nc8 24.g3 Bd8 25.a5 Ne8 26.Be2 Nf6 27.f4 Ng4 28.Qf3 h5 29.h3 Nh6 30.Qxh5 f6
31.Kg2 b5 32.axb6 Nxb6 33.Na5 Nxd5 34.Bc4 Kf8 35.Bxd5 Rb8 36.Nc6 Rc8 37.Nxd8 Rxd8
38.Qe2 Qa7 39.Rc6 a5 40.Qd3 Qb8 41.Qc3  1-0

[Event "21st World Seniors"]
[Site "Rijeka CRO"]
[Date "2011.11.25"]
[Round "10.21"]
[White "Rukavina,J"]
[Black "Srebrnic,V"]
[Result "1-0"]
[WhiteElo "2421"]
[BlackElo "2261"]

1.Nf3 c5 2.c4 Nf6 3.Nc3 g6 4.e4 d6 5.d4 cxd4 6.Nxd4 Nc6 7.Be2 Nxd4 8.Qxd4 Bg7
9.Bg5 O-O 10.Qd2 Be6 11.Rc1 Qa5 12.b3 Rfc8 13.f3 a6 14.Na4 Qxd2+ 15.Kxd2 Rc6
16.Nc3 Rac8 17.Nd5 Kf8 18.Be3 Nd7 19.f4 f5 20.Nb4 R6c7 21.Bf3 a5 22.exf5 gxf5
23.Nd5 Bxd5 24.Bxd5 Nc5 25.Rhe1 Bf6 26.h3 Bb2 27.Rb1 Bf6 28.Rbc1 b6 29.g4 fxg4
30.hxg4 h6 31.Rh1 Kg7 32.f5 Rh8 33.Rh5 Rcc8 34.Rch1 Rb8 35.Rxh6 Rxh6 36.Rxh6  1-0

[Event "21st World Seniors"]
[Site "Rijeka CRO"]
[Date "2011.11.25"]
[Round "10.9"]
[White "Sorensen,B"]
[Black "Suba,M"]
[Result "0-1"]
[WhiteElo "2321"]
[BlackElo "2458"]

1.Nf3 c5 2.c4 Nf6 3.Nc3 e6 4.g3 b6 5.Bg2 Bb7 6.O-O d6 7.Re1 Be7 8.e4 Nbd7
9.d4 cxd4 10.Nxd4 Qc7 11.Ncb5 Qb8 12.f4 a6 13.Nc3 h5 14.h3 Qc7 15.Be3 Rc8
16.Rc1 Qb8 17.Qe2 Qa8 18.Bf2 g6 19.Nb3 O-O 20.Nd2 Rfe8 21.Qf1 Qb8 22.Kh1 Bf8
23.Bf3 Bc6 24.g4 hxg4 25.hxg4 b5 26.cxb5 axb5 27.Qh3 b4 28.Ne2 Bg7 29.g5 Nh7
30.Nd4 Ba8 31.Bg2 Nc5 32.a3 e5 33.axb4 Qxb4 34.N4b3 exf4 35.Rc4 Qb8 36.Nxc5 dxc5
37.Qg4 Qxb2 38.Re2 Qa1+ 39.Kh2 Qd1 40.Bf3 Rcd8  0-1

[Event "TCh-NED Meesterklasse 2011-12"]
[Site "Netherlands NED"]
[Date "2011.11.26"]
[Round "3.1"]
[White "Chuchelov,V"]
[Black "Zaragatski,I"]
[Result "1/2-1/2"]
[WhiteElo "2538"]
[BlackElo "2474"]

1.Nf3 Nf6 2.c4 c5 3.Nc3 e6 4.g3 b6 5.Bg2 Bb7 6.O-O Be7 7.d4 cxd4 8.Qxd4 d6
9.Bg5 a6 10.Bxf6 Bxf6 11.Qf4 Ra7 12.Rfd1 Be7 13.Ne4 Bxe4 14.Qxe4 O-O 15.Nd4 Rc7
16.b3 Rc5 17.a4 Qc7 18.Qb1 Nd7 19.Ra2 Nf6 20.Rc2 Rc8 21.Rdd2 Qd7 22.e3 R8c7
23.Qf1 Qc8 24.Qd3 Bf8 25.Bh3 Rh5 26.Bg2 Rhc5 27.Bh3 Rh5 28.Bg2 Rhc5  1/2-1/2

[Event "21st World Seniors"]
[Site "Rijeka CRO"]
[Date "2011.11.26"]
[Round "11.34"]
[White "Kolbak,J"]
[Black "Montero Martinez,C"]
[Result "1-0"]
[WhiteElo "2262"]
[BlackElo "2189"]

1.Nf3 Nf6 2.c4 c5 3.Nc3 b6 4.g3 Bb7 5.Bg2 e6 6.O-O a6 7.b3 Be7 8.Bb2 d6 9.d4 cxd4
10.Nxd4 Bxg2 11.Kxg2 Qc7 12.Rc1 Nbd7 13.e4 Qb7 14.Qe2 O-O 15.Rfe1 Rfe8 16.h3 d5
17.exd5 exd5 18.Qf3 Bc5 19.Nxd5 Nxd5 20.Qxd5 Qxd5+ 21.cxd5 Nf6 22.Nf5 Nxd5
23.Nxg7 Red8 24.Re2 f6 25.Nf5 Kf7 26.Rc4 h5 27.Bd4 Bxd4 28.Rxd4 Nc3 29.Re7+ Kf8
30.Re6 Rxd4 31.Rxf6+ Kg8 32.Nxd4 b5 33.a3 Kg7 34.Rc6 Nb1 35.a4 b4 36.a5 Nc3
37.Ne6+  1-0

[Event "Vilnius Open 2011"]
[Site "Vilnius LTU"]
[Date "2011.11.26"]
[Round "8"]
[White "Stremavicius,T"]
[Black "Kuciel,W"]
[Result "0-1"]
[WhiteElo "2179"]
[BlackElo "1995"]

1.c4 Nf6 2.Nc3 e6 3.Nf3 c5 4.g3 b6 5.Bg2 Bb7 6.O-O Be7 7.b3 d6 8.Bb2 Nbd7
9.d3 O-O 10.e4 a6 11.Ne1 Ne8 12.f4 Bf6 13.Nc2 b5 14.g4 b4 15.Na4 Bxb2 16.Nxb2 h6
17.d4 e5 18.dxe5 dxe5 19.f5 Ndf6 20.Qxd8 Rxd8 21.Rfd1 Nd6 22.Nd3 Bxe4 23.Bxe4 Ndxe4
24.Nxe5 Nc3 25.Rxd8 Rxd8 26.a3 Rd2 27.Ne1 Ne2+ 28.Kf1 Nd4 29.axb4 Ne4 30.Ng2 f6
31.Re1 Rf2+ 32.Kg1 Ne2+ 33.Rxe2 Rxe2 34.Nd3 cxb4 35.Nxb4 Rb2 36.Nf4 Rxb3
37.Nxa6 Rb6 38.Nc7 Rc6 39.Ncd5 Rxc4 40.Ne3 Ra4 41.Kg2 Ra2+ 42.Kf3 Ng5+ 43.Kg3 Ra3
44.Ng2 Kf8 45.Kf2 Ke7 46.Nf4 Ra2+ 47.Kg3 Kd6 48.Nd3 Ra4 49.h4 Nf7 50.Nb2 Rb4
51.Nbd1 Ke5 52.Kf3 Nd6 53.g5 fxg5 54.hxg5 hxg5 55.Nf2 Rb3 56.Ng4+ Kd4 57.Ke2 Ke4
58.Nf2+ Ke5 59.Nd3+ Kf6 60.Nc5 Rb2+ 61.Kf3 Nxf5 62.Ne4+ Kg6 63.Nc4 Rb3+ 64.Kf2 Nd4
65.Ng3 Rf3+ 66.Kg2 Rf4 67.Ne5+ Kf6 68.Nd3 Rf3 69.Ne4+ Ke7 70.Ndf2 Rf5 71.Nh3 Ne6
72.Kg3 Re5 73.Nhf2 Nc5 74.Nd2 Re2 75.Nf3 Ne4+ 76.Nxe4 Rxe4 77.Nxg5 Ra4 78.Kf2 Kf6
79.Nh3 Kf5 80.Ng1 g5 81.Kf3 Ra3+ 82.Kg2 Kg4 83.Kf2 Ra2+  0-1

[Event "Vizag GM Open"]
[Site "Visakhapatnam IND"]
[Date "2011.11.26"]
[Round "4"]
[White "Bitoon,R"]
[Black "Siddharth,R"]
[Result "1/2-1/2"]
[WhiteElo "2515"]
[BlackElo "2398"]

1.c4 Nf6 2.Nc3 c5 3.Nf3 b6 4.g3 Bb7 5.Bg2 e6 6.O-O Be7 7.d4 cxd4 8.Qxd4 d6
9.b3 a6 10.Ba3 Nc6 11.Qf4 d5 12.Bb2 dxc4 13.Ne5 Nxe5 14.Bxb7 Ra7 15.Bg2 Nfd7
16.Ne4 Qc7 17.Rac1 O-O 18.Nd2 Qd8 19.Nxc4 Bg5 20.Qd4 Bf6 21.Qd2 Nxc4 22.Rxc4 Bxb2
23.Qxb2 Rc7 24.Rfc1 Rxc4 25.Rxc4 Qb8 26.Rd4 Nf6 27.Ra4 Rd8 28.Bf3 a5 29.b4 axb4
30.Rxb4 Rd6 31.Ra4 Qc7 32.Ra8+ Rd8 33.Ra6 Nd7 34.Qb4 h6 35.Qe7 Qc1+ 36.Kg2 Qg5
37.Qb4 Rb8 38.Qd6 Rd8 39.Ra8 Rxa8 40.Bxa8 Qa5 41.Be4 Qe5 42.Qc6 Nf8 43.a4 g6
44.e3 Qb8 45.h4 h5 46.Kf1 Qd8 47.Ke2 Kg7 48.Qc3+ Kg8 49.Qd4 Qc7 50.Qd3 Qc5
51.Qd4 Qc7 52.Qd3 Qc5 53.Qd4 Qc7  1/2-1/2

[Event "Vizag GM Open"]
[Site "Visakhapatnam IND"]
[Date "2011.11.27"]
[Round "6"]
[White "Bitoon,R"]
[Black "Praveen Kumar,C1"]
[Result "1/2-1/2"]
[WhiteElo "2515"]
[BlackElo "2338"]

1.Nf3 e6 2.c4 Nf6 3.Nc3 c5 4.d4 cxd4 5.Nxd4 a6 6.g3 Qc7 7.Bg2 d6 8.O-O Be7
9.b3 Bd7 10.Bb2 Nc6 11.Nf3 Ne5 12.Nxe5 dxe5 13.Rc1 O-O 14.Qc2 Rac8 15.Ne4 Bc6
16.Nxf6+ Bxf6 17.Bxc6 Rfd8 18.Rfd1 Qxc6 19.Rxd8+ Rxd8 20.Rd1 Rxd1+ 21.Qxd1 h5
22.h4 Qe4 23.Qd3 Qg4 24.Qf3 Qg6 25.e4 Bxh4 26.Bxe5 Be7 27.Kf1 Qg4 28.Qxg4 hxg4
29.Bc3 f6 30.a4 e5 31.Ke2 Kf7 32.b4 Ke6 33.Kd3 a5 34.c5 Kd7 35.Kc4 axb4 36.Bxb4 Kc6
37.Ba3 g6 38.Bb4 Bf8 39.Ba3 Bh6 40.Bb4 Bc1 41.Kc3 f5 42.Kc2 Bg5 43.Kd3 Be7
44.Kc4 f4 45.Bc3  1/2-1/2

[Event "25th Belgrade Trophy"]
[Site "Obrenovac SRB"]
[Date "2011.11.30"]
[Round "7.11"]
[White "Cvetkovic,Sr"]
[Black "Lajthajm,B"]
[Result "1/2-1/2"]
[WhiteElo "2395"]
[BlackElo "2500"]

1.c4 Nf6 2.Nc3 c5 3.Nf3 g6 4.e4 Bg7 5.d4 cxd4 6.Nxd4 O-O 7.Be2 Nc6 8.Be3 Nxd4
9.Bxd4 d6 10.O-O Bd7 11.f3 Bc6 12.b4 b6 13.Nd5 Nxd5 14.cxd5 Ba4 15.Qd2 Qd7
16.Bxg7 Kxg7 17.b5 f6 18.Qb4 Bc2 19.Rfc1 Rfc8 20.Bc4 a5 21.bxa6 Qa4 22.Qxa4 Bxa4
23.Bd3 b5 24.Rxc8 Rxc8 25.Rb1 Ra8 26.Bxb5 Bxb5 27.Rxb5 Rxa6 28.Rb2 f5 29.exf5 gxf5  1/2-1/2

[Event "8th Vasylyshyn Mem GM"]
[Site "Lviv UKR"]
[Date "2011.12.01"]
[Round "3"]
[White "Semcesen,D"]
[Black "Molnar,P SVK"]
[Result "1-0"]
[WhiteElo "2490"]
[BlackElo "2363"]

1.c4 c5 2.Nf3 Nf6 3.Nc3 g6 4.d4 cxd4 5.Nxd4 Nc6 6.Nc2 Bg7 7.g3 O-O 8.Bg2 d6
9.O-O Bd7 10.b3 Qa5 11.Bb2 Rfc8 12.Ne3 Rab8 13.Rb1 a6 14.a3 b5 15.Ncd5 Nxd5
16.cxd5 Ne5 17.h3 Be8 18.Nc2 Nd7 19.Nd4 Nf6 20.e4 b4 21.a4 Qb6 22.Kh2 Rc5
23.Qd3 Rbc8 24.Rbd1 Bd7 25.Rfe1 Nh5 26.Re2 a5 27.Qd2 Rc3 28.Nc6 Bxc6 29.dxc6 Rxb3
30.Bxg7 Nxg7 31.e5 Rxc6 32.Qd5 Rbc3 33.exd6 exd6 34.Re7 Qxf2 35.Rf1 Qxg3+
36.Kh1  1-0

[Event "TCh-CZE Extraliga 2011-12"]
[Site "Czech Republic CZE"]
[Date "2011.12.03"]
[Round "3.2"]
[White "Jaracz,P"]
[Black "Studnicka,Toma"]
[Result "0-1"]
[WhiteElo "2558"]
[BlackElo "2359"]

1.c4 Nf6 2.Nc3 c5 3.Nf3 d5 4.cxd5 Nxd5 5.e3 Nc6 6.a3 e6 7.d4 Be7 8.Bd3 cxd4
9.exd4 O-O 10.O-O Nxc3 11.bxc3 b6 12.Qe2 Bb7 13.Rd1 Rc8 14.Bb2 Bf6 15.Rac1 Ne7
16.c4 Ng6 17.g3 Qd7 18.Qe3 Rfd8 19.Bf1 Ba8 20.Bg2 Qa4 21.Qe2 Ne7 22.h4 h6
23.Ne1 Bxg2 24.Nxg2 Nf5 25.d5 Bxb2 26.Qxb2 Rxc4 27.Kh2 Rxc1 28.Qxc1 exd5
29.Nf4 d4 30.Qc7 Qd7 31.Qc2 g6 32.h5 g5 33.Nd3 Ng7 34.Qe2 Qe6 35.Qf3 Qf5
36.Qc6 Qg4 37.Re1 Qxh5+ 38.Kg2 Qg6 39.Qxg6 fxg6 40.Re7 a5 41.Rb7 Rd6 42.Kf3 Ne6
43.Rb8+ Kg7 44.Ke4 Kf6 45.Rc8 h5 46.a4 h4 47.gxh4 gxh4 48.Rh8 Nc5+  0-1

[Event "TCh-AUT 2 Mitte 2011-12"]
[Site "Maria Saal AUT"]
[Date "2011.12.03"]
[Round "5"]
[White "Singer,H"]
[Black "Salihovic,A"]
[Result "1/2-1/2"]
[WhiteElo "2260"]
[BlackElo "2195"]

1.Nf3 Nf6 2.c4 g6 3.Nc3 c5 4.g3 b6 5.Bg2 Bg7 6.O-O Bb7 7.Re1 Nc6 8.e4 Ng4
9.d3 d6 10.h3 Nge5 11.Be3 Qd7 12.Nh2 Nb4 13.Bf1 O-O 14.b3 Na6 15.f4 Nc6 16.Nf3 Nc7
17.Rb1 Ne6 18.Bf2 Ned4 19.Bg2 Rab8 20.Nxd4 Bxd4 21.Bxd4 Nxd4 22.Ne2 e5 23.Nxd4 cxd4
24.Qd2 f6 25.Rf1 Rbe8 26.Rbe1 b5 27.fxe5 dxe5 28.c5 Bc6 29.b4 h6 30.Qxh6 Qg7
31.Qd2 Rf7 32.Rf2 Kh7 33.Ref1 Ref8 34.Kh2 Qh6 35.Qxh6+ Kxh6 36.Bf3 a5 37.Bd1 a4
38.Bf3 f5 39.exf5 Bxf3 40.Rxf3 gxf5 41.h4 Kg6 42.Kg2 Rf6 43.Re1 Re8 44.Ref1 Ree6
45.Re1 Re8 46.Ref1  1/2-1/2

[Event "Ascona Gp A"]
[Site "Ascona SUI"]
[Date "2011.12.04"]
[Round "1.3"]
[White "Strikovic,A"]
[Black "Zeller,F"]
[Result "0-1"]
[WhiteElo "2564"]
[BlackElo "2375"]

1.c4 Nf6 2.Nc3 c5 3.Nf3 e6 4.g3 b6 5.Bg2 Bb7 6.O-O Be7 7.Re1 d6 8.e4 Nbd7
9.d4 cxd4 10.Nxd4 Qc7 11.Ndb5 Qb8 12.f4 O-O 13.Be3 Rc8 14.Qe2 a6 15.Nd4 Qc7
16.Rac1 Qxc4 17.Qd2 Bf8 18.f5 e5 19.Nd5 Qa4 20.b3 Qa3 21.Ne2 Bxd5 22.exd5 Nc5
23.h3 a5 24.Nc3 Qb4 25.Rc2 b5 26.Rb1 Rab8 27.Qc1 Nd3 28.Qd2 e4 29.g4 h6 30.Nxe4 Nxe4
31.Qxd3 Rxc2 32.Qxc2 Re8 33.Rc1 Ng3 34.Qd3 h5 35.Bf3 hxg4 36.hxg4 Ne4 37.a3 Nc5
38.Bxc5 Qf4 39.Rd1 dxc5 40.Bg2 c4 41.Qf3 Bc5+ 42.Kf1 Qh2  0-1

[Event "TCh-CZE Extraliga 2011-12"]
[Site "Czech Republic CZE"]
[Date "2011.12.04"]
[Round "4.4"]
[White "Talla,V"]
[Black "Petrik,T"]
[Result "1/2-1/2"]
[WhiteElo "2399"]
[BlackElo "2522"]

1.c4 Nf6 2.Nf3 e6 3.Nc3 c5 4.g3 b6 5.Bg2 Bb7 6.O-O Be7 7.Re1 Ne4 8.Nxe4 Bxe4
9.d3 Bb7 10.e4 O-O 11.d4 cxd4 12.Nxd4 d6 13.b3 a6 14.Bb2 Nd7 15.Qe2 Qc7 16.Rad1 Rfe8
17.Kh1 Rac8 18.Qd2 Bf8 19.f4 Ba8 20.f5 e5 21.Ne2 b5 22.cxb5 axb5 23.Nc3 Qb6
24.Qe2 b4 25.Nd5 Bxd5 26.Rxd5 Qa7 27.Ra1 Nf6 28.Rdd1 h5 29.h3 d5 30.exd5 Bd6
31.Rd2 Qe7 32.Be4 Bc5 33.Rc1 Bd4 34.Rxc8 Rxc8 35.Bxd4 exd4 36.Bf3 Qd6 37.Qf2 h4
38.gxh4 Rc1+ 39.Kg2 Nxd5 40.Qxd4 Nf4+ 41.Kh2 Nd5+ 42.Kg2 Nf4+ 43.Kh2  1/2-1/2

[Event "TCh-CZE Liga 1 Zapad"]
[Site "Czech Rep CZE"]
[Date "2011.12.11"]
[Round "5.7"]
[White "Pesout,J"]
[Black "Urban,Z"]
[Result "1/2-1/2"]
[WhiteElo "2249"]
[BlackElo "2176"]

1.Nf3 Nf6 2.c4 c5 3.Nc3 g6 4.e3 Bg7 5.d4 O-O 6.Be2 d5 7.dxc5 dxc4 8.Qxd8 Rxd8
9.Bxc4 Nbd7 10.c6 bxc6 11.O-O Nb6 12.Be2 Nfd5 13.Bd2 Nxc3 14.Bxc3 Bxc3 15.bxc3 Na4
16.Rfc1 Rb8 17.Nd4 Bd7 18.Bf3 Rb6 19.c4 c5 20.Nb3 Be6 21.Rc2 Rbd6 22.h4 Kg7
23.Kf1 h6 24.Ke1 g5 25.g3 Bf5 26.Rd2 Rxd2 27.Nxd2 Rd3 28.Bd1 Bd7 29.hxg5 hxg5
30.Bxa4 Bxa4 31.Rb1 Ra3 32.Rb2 f5 33.Ke2 Bc6 34.Nb3 Ra4 35.Kd3 Bg2 36.Kc3 Bf1
37.Nd2 Be2 38.Rb7 Kf6 39.Rc7 Rxa2 40.Rc6+ e6 41.Rxc5 Bd1 42.Rc7 a5 43.c5 a4
44.c6 Rc2+ 45.Kd3 Rc5 46.f4 g4 47.Nc4 Be2+ 48.Kxe2 Rxc4 49.Ra7 Rxc6 50.Rxa4 Rc2+
51.Kf1 Ke7 52.Ra6 Kd7 53.Ra4 Kc6 54.e4 Kb5 55.Rd4 Rc4 56.Rxc4 Kxc4 57.exf5 exf5
58.Ke2 Kd4 59.Kd2  1/2-1/2

[Event "TCh-CZE Liga1 Vychod"]
[Site "Czech Rep CZE"]
[Date "2011.12.11"]
[Round "5"]
[White "Strasil,P"]
[Black "Brazdil,R"]
[Result "1/2-1/2"]
[WhiteElo "2109"]
[BlackElo "2137"]

1.c4 Nf6 2.Nc3 c5 3.Nf3 g6 4.g3 Bg7 5.Bg2 O-O 6.O-O Nc6 7.d4 cxd4 8.Nxd4 a6
9.e3 Qc7 10.Nxc6 dxc6 11.Qc2 e5 12.b3 Bf5 13.e4 Be6 14.Ba3 Rfd8 15.Rad1 Rxd1
16.Rxd1 Rd8 17.Rxd8+ Qxd8 18.Na4 Nd7 19.Qd2 Qc8 20.Nc5 Nxc5 21.Bxc5 Qd7 22.Qxd7 Bxd7  1/2-1/2

[Event "Sportaccord WMG Blitz"]
[Site "Beijing CHN"]
[Date "2011.12.13"]
[Round "10"]
[White "Nielsen,PH"]
[Black "Le Quang Liem"]
[Result "0-1"]
[WhiteElo "2693"]
[BlackElo "2714"]

1.Nf3 Nf6 2.c4 c5 3.Nc3 g6 4.g3 Bg7 5.Bg2 Nc6 6.O-O d6 7.d4 cxd4 8.Nxd4 Bd7
9.Nxc6 bxc6 10.c5 d5 11.e4 e6 12.Bf4 dxe4 13.Nxe4 Nxe4 14.Bxe4 O-O 15.Bd6 Re8
16.Qa4 Qc8 17.Rab1 e5 18.Rfd1 a5 19.Rd2 f5 20.Bc2 Be6 21.Rbd1 e4 22.Bb3 Kh8
23.Bf4 Bxb3 24.Qxb3 a4 25.Qc4 Ra7 26.Rd6 Bxb2 27.Bg5 Qa6 28.Qb4 Rb7 29.Qd2 a3
30.Rd7 Qa7 31.Rd8 Rb8 32.Rxe8+ Rxe8 33.Qd6 Qb7 34.h4 Kg8 35.h5 gxh5 36.Qf4 Qf7
37.Bh6 Be5 38.Qh4 Bf6 39.Qf4 Be5 40.Qh4 Bf6 41.Qf4 Qg6 42.Rd6 e3 43.fxe3 Re4
44.Qf3 Qxh6 45.Rxc6 Kg7 46.Rc7+ Kg6 47.Kf2 Qf8 48.Kg2 Qxc5  0-1

[Event "3rd Balkan GP Individual"]
[Site "Podgorica MNE"]
[Date "2011.12.13"]
[Round "5"]
[White "Filip,L"]
[Black "Stanojoski,Z"]
[Result "1-0"]
[WhiteElo "2471"]
[BlackElo "2470"]

1.Nf3 c5 2.c4 Nf6 3.Nc3 g6 4.d4 cxd4 5.Nxd4 Nc6 6.e4 d6 7.Be2 Nxd4 8.Qxd4 Bg7
9.Bg5 O-O 10.Qd2 Be6 11.Rc1 Qa5 12.f3 Rfc8 13.b3 a6 14.Na4 Qxd2+ 15.Kxd2 Nd7
16.g4 f6 17.Be3 f5 18.exf5 gxf5 19.h3 Rf8 20.f4 Rad8 21.Nc3 d5 22.cxd5 Nf6
23.Bb6 Nxd5 24.Bxd8 Rxd8 25.Nxd5 Bxd5 26.Ke3 Bxh1 27.Rxh1 Bd4+ 28.Kf3 Bb6
29.Bc4+ Kf8 30.Re1 Rd2 31.Re5 fxg4+ 32.hxg4 Rf2+ 33.Kg3 Rxa2 34.Rg5 Ke8 35.Be6 Kd8
36.Rd5+ Ke8 37.Rg5 Kd8 38.Rd5+ Ke8 39.Rd7 Bd8 40.Rxb7 Rd2 41.g5 Rd6 42.f5 a5
43.Rb8 Kf8 44.Kf4 Kg7 45.Ke5 Rd1 46.Rc8 Re1+ 47.Kf4 Rf1+ 48.Ke3 Rd1 49.Ke4 Re1+
50.Kf3 Rd1 51.Ra8 h6 52.g6 Kf6 53.Ke4 Re1+ 54.Kd3 Rd1+ 55.Ke4 Re1+ 56.Kf3 Rd1
57.Rc8 Kg7 58.Ke2 Rd6 59.Bc4 Kf6 60.Ra8 Kg7 61.Kf3 h5 62.Rc8 Kf6 63.Be6 Rd4
64.Ke3 Rd6 65.Ke4 h4 66.Kf3 Rd4 67.Ke3 Rd1 68.Ke2 Rd4 69.Kf3 Rd1 70.Rc4 Rd3+
71.Ke2 Rxb3 72.Rc8 Rb2+ 73.Kd3 Rb1 74.Kc2 h3 75.Kxb1  1-0

[Event "Open Mundial de Leon Equipos"]
[Site "Leon ESP"]
[Date "2011.12.17"]
[Round "1"]
[White "Moya Mallafre,E"]
[Black "Ljubojevic,L"]
[Result "0-1"]
[WhiteElo "1989"]
[BlackElo "2571"]

1.Nf3 c5 2.c4 Nf6 3.Nc3 d5 4.cxd5 Nxd5 5.g3 Nc6 6.Bg2 Nc7 7.O-O e5 8.d3 Rb8
9.a4 Be7 10.Nd2 O-O 11.Nc4 f6 12.a5 Nd4 13.e3 Nde6 14.Qc2 Bd7 15.Nd5 Nxd5
16.Bxd5 Kh8 17.Bd2 Bc6 18.Bg2 Qc7 19.Bxc6 Qxc6 20.h4 Rfd8 21.Bc3 Rd5 22.Rfd1 Rbd8
23.b3 Qd7 24.Nb2 Bf8 25.Be1 Qf7 26.Qc4 Qh5 27.Ra4 f5 28.Bc3 e4 29.d4 cxd4
30.Bxd4 f4 31.a6 b5 32.Qc6 bxa4 33.Qxe6 fxg3 34.fxg3 a3 35.Nc4 Qxd1+  0-1

[Event "78th ch-BRA"]
[Site "Campinas BRA"]
[Date "2011.12.18"]
[Round "9"]
[White "El Debs,F"]
[Black "Vescovi,G"]
[Result "1/2-1/2"]
[WhiteElo "2477"]
[BlackElo "2637"]

1.Nf3 c5 2.c4 Nf6 3.Nc3 e6 4.g3 b6 5.Bg2 Bb7 6.O-O Be7 7.d4 cxd4 8.Qxd4 O-O
9.Rd1 d6 10.b3 Nbd7 11.e4 Qc8 12.Bb2 a6 13.Qe3 Qc7 14.Nd4 Rfe8 15.Rac1 Rac8
16.Rd2 Bf8 17.Re2 Qb8 18.Qd2 Nc5 19.Rce1 Red8 20.Qd1 Qa8 21.Qb1 Qb8 22.Rd1 b5
23.b4 Ncd7 24.cxb5 axb5 25.Ndxb5 Ba6 26.a4 Nb6 27.Qa2 d5 28.exd5 exd5 29.Ree1 Bxb4
30.Qb3 Ba5 31.Re7 Nxa4 32.Qxa4 Bxc3 33.Nxc3 Qxb2 34.Nxd5 Bb5 35.Qf4 Bc6 36.Nxf6+ Qxf6
37.Rxd8+ Rxd8 38.Qb4 Bxg2 39.Kxg2 g6 40.Re2  1/2-1/2

[Event "Zuerich Weihnachtsopen Masters"]
[Site "Zuerich SUI"]
[Date "2011.12.27"]
[Round "2"]
[White "Baramidze,D"]
[Black "Ramondino,R"]
[Result "1-0"]
[WhiteElo "2597"]
[BlackElo "2255"]

1.c4 Nf6 2.Nc3 c5 3.Nf3 e6 4.d4 cxd4 5.Nxd4 b5 6.Ndxb5 d5 7.cxd5 a6 8.Qa4 Bd7
9.d6 axb5 10.Qxa8 Bxd6 11.e3 b4 12.Ne4 Bc6 13.Nxd6+ Qxd6 14.Qa7 Nbd7 15.Qa6 O-O
16.Bd2 Nc5 17.Bxb4 Nd5 18.Rd1 Nd3+ 19.Qxd3 Qxb4+ 20.Qd2 Qe4 21.Qd4 Qg6 22.f3 e5
23.Qd2 f5 24.Bc4  1-0